| 000 | 00829n m a2200193 u 4500 | ||
|---|---|---|---|
| 001 | 000637269 | ||
| 003 | AM-YeHGA | ||
| 005 | 20250617140656.0 | ||
| 008 | 090227s1986 ||||| |||||||||||||rus|c | ||
| 040 | _aAM-YeHGA | ||
| 041 | 0 | _arus | |
| 245 | 1 | 0 |
_aКартины итальянских мастеров XIV -XVIII веков из музеев СССР _h[изоматериал] : _cГос. музей изобраз. искусств им. А.С. Пушкина ; Авт. кат. и вступ. ст. В.Э. Маркова. |
| 260 |
_aМосква : _bСов. художник, _c1986. |
||
| 300 | _a264 с. | ||
| 525 | _aПриложение к сборнику "Музей" | ||
| 650 | 1 | 4 | _aЖивопись |
| 700 | 1 |
_aМарков, Виктория Эммануиловна _eвступ. ст. _4aui |
|
| 090 | _c225988 | ||
| 999 |
_c224448 _d224448 |
||